Culture Générale - Série 2254 - Statistiques

Statistiques générales
  • Ce quiz a été pris 127 fois
  • Le résultat moyen est 5 sur 10
Statistiques - réponses
Question Réponse % Correct
Dans quel art s'est illustré Vassily Kandinsky (1866-1944) ? peinture
87%
Quel coquillage peut être appelé "plate" ou "creuse" ? huître
85%
Selon l'expression : Dans quoi peut-on ruer lorsqu'on est en colère, révolté ? brancards
67%
De quel pays est originaire la danse appelée "jota" ? Espagne
66%
Dans quel département français se trouve la ville d'Aubenas ? Ardèche
45%
Comment appelle-t-on également "le drap mortuaire" ou "linceul" ? suaire
44%
Dans une famille, l'enfant qui vient après l'aîné, est appelé "cadet" ou ... puîné
42%
Quel est le pays représenté en image par son drapeau, dont la monnaie est le rial ? Oman
25%
Roche composée de feldspath, de quartz, de mica - 6 lettres commençant par " g " gneiss
12%
Ce nom lorsqu'il est propre désigne un frère de Moîse ou une charpente soutenant un bateau en construction lorsqu'il est commun ber
8%
Aucun quiz correspondant
Distribution des résultats
% des personnes avec chaque résultat
Percentile par nombre de réponses
Votre historique - résultats
Vous n’avez pas pris ce quiz